The translator's invisibility: a history of translation
Shranjeno v:
| Glavni avtor: | |
|---|---|
| Format: | Knjiga |
| Jezik: | angleščina |
| Izdano: |
Londres
Routledge
1995
|
| Serija: | Translation Studies Series
|
| Teme: | |
| Oznake: |
Označite
Brez oznak, prvi označite!
|
MARC
| LEADER | 00000nam a2200000 a 4500 | ||
|---|---|---|---|
| 001 | UCP9552 | ||
| 003 | CL-VaPUC | ||
| 008 | 000331e19950000UK |||||||||||||||||eng|d | ||
| 082 | 0 | 4 | |a 418.02 |b VEN |2 21 |
| 100 | 0 | |a Venuti, Lawrence |e author |9 440182 | |
| 245 | 1 | 4 | |a The translator's invisibility: a history of translation |
| 300 | |a 353 p | ||
| 942 | |c BK | ||
| 945 | |d 20000331 00:00:00 |a rbrito | ||
| 260 | |a Londres |b Routledge |c 1995 | ||
| 650 | 0 | |a Traducción |9 357261 | |
| 650 | 0 | |a Interpretación |9 258846 | |
| 650 | 0 | |a Lingüística aplicada |9 313266 | |
| 583 | |a last modification |c 20000331 00:00:00 |k Rodrigo Vera | ||
| 490 | 0 | |a Translation Studies Series | |
| 999 | |c 286356 |d 286354 | ||
| 952 | |0 0 |1 0 |4 0 |6 418_020000000000000_VEN_1995 |7 0 |8 R |9 332139 |a BIBEDU |b BIBEDU |c MCIRC |d 2019-11-20 |i 3603873 |o 418.02 VEN 1995 |p 3603873 |r 2023-01-13 |w 2019-11-20 |y BK_R |k CIT | ||